| 000 | 00436nam a2200193Ia 4500 | ||
|---|---|---|---|
| 005 | 20240823021859.0 | ||
| 008 | 240823s9999||||xx |||||||||||||| ||und|| | ||
| 020 | _a1-85168-294-5 | ||
| 041 | _aENGLISH | ||
| 082 | _A192 P7 | ||
| 100 | _a"Bracken,Harry M" | ||
| 245 | 0 | _aDescartes | |
| 250 | _a1st | ||
| 260 |
_c2007 _b"Viva,New " _aNew Delhi |
||
| 500 | _aYES | ||
| 650 |
_aPhilosophy _bGeneral |
||
| 942 | _cBK | ||
| 999 |
_c177929 _d177929 |
||